| 000 | 01126nam a22003377a 4500 | ||
|---|---|---|---|
| 003 | CHAP | ||
| 005 | 20220329133938.0 | ||
| 008 | 971013s1958 r 00010 d | ||
| 010 | _a13047 | ||
| 011 | _a14019 | ||
| 035 | _a18092 | ||
| 040 | _cCHAP | ||
| 082 |
_a589.2 _bH45 |
||
| 100 | 0 | 0 |
_aHeim, Roger. _953345 |
| 245 |
_aLes champignons hallucinogenes du Mexique _b: études ethnologiques, taxinomiques, biologiques, physiologiques et chimiques |
||
| 260 |
_aParis : _bMuséum National d'Histoire Naturelle, _c1958 |
||
| 300 |
_a322 p. _b: ilus. |
||
| 590 |
_aBATCH-UPD _b10 _c20130110 _lUCH01 _h1354 |
||
| 590 |
_aBATCH-UPD _b10 _c20130410 _lUCH01 _h0849 |
||
| 590 |
_aBATCH-UPD _b10 _c20130914 _lUCH01 _h1620 |
||
| 590 |
_aCONVERSION _b10 _c20130109 _lUCH01 _h1308 |
||
| 650 | 1 | 4 |
_aHongos _xExcreciones tóxicas. _956100 |
| 650 | 1 | 4 |
_aHongos _xFisiología y morfología. _956101 |
| 650 | 1 | 4 |
_aHongos _zMéxico. _956122 |
| 650 | 1 | 4 |
_aMicología. _975476 |
| 650 | 1 | 4 |
_aPsilocibina. _992627 |
| 700 | 0 |
_aWasson, R. Gordon. _9121146 |
|
| 901 | _aBK | ||
| 942 | _cLIBRO | ||
| 949 |
_a589.2 H45 _bBC _cLIBRO _d-42270 _eLIBRO _i18092 _si |
||
| 999 |
_c13047 _d13047 |
||